Burning bright <the> importance of gold mining to the Asia-Pacific region

Enregistré dans:
Détails bibliographiques
Auteur principal: Plowden, Penelope
Autres auteurs: Wilde, Georgina
Format: Livre
Langue:anglais
Publié: London World Gold Council [2001]
Sujets:
Tags: Ajouter un tag
Pas de tags, Soyez le premier à ajouter un tag!

MARC

LEADER 00000nam a2200000 4500
001 c130340
005 20240229124602.0
041 0 |a eng 
044 |a GB 
245 1 0 |a Burning bright  |b <the> importance of gold mining to the Asia-Pacific region  |c [principal authors: Penelope Plowden, Georgina Wilde] 
264 1 |a London  |b World Gold Council  |c [2001] 
300 |a 66 s. 
610 2 0 |a zlato 
610 2 0 |a kovy vzácne 
610 2 0 |a ťažba surovín 
610 2 0 |a regióny 
610 2 0 |a produkcia 
610 2 0 |a ukazovatele 
610 2 0 |a situácia hospodárska 
610 2 0 |a porovnanie medzinárodné 
610 2 0 |a Austrália 
610 2 0 |a Čína 
610 2 0 |a Fidži 
610 2 0 |a India 
610 2 0 |a Indonézia 
610 2 0 |a Japonsko 
610 2 0 |a Malajzia 
610 2 0 |a Mongolsko 
610 2 0 |a Mjanmarsko 
610 2 0 |a Severná Kórea 
610 2 0 |a Nový Zéland 
610 2 0 |a Guinea 
610 2 0 |a Filipíny 
610 2 0 |a Vietnam 
100 1 |a Plowden, Penelope 
700 1 |a Wilde, Georgina